Statystyki dla Rozpoznaj dzielnicę Warszawy po przystanku autobusowym/tramwajowym! #4

Kliknij tutaj aby rozwiązać quiz!

Ogólne statystyki

  • Ten quiz został rozwiązany 85 razy
  • Średni wynik to 13 z 15

Statystyki odpowiedzi

Nazwa przystankuDzielnica% Poprawnych
Podleśna-IMiGW 03Bielany
95%
Kondratowicza 02Targówek
95%
Plac Inwalidów 04Żoliborz
95%
Fort Blizne 03Bemowo
92%
Podbipięty 01Mokotów
92%
Poligonowa 02Praga Południe
92%
Leszno 01Wola
89%
Czwartaków 02Rembertów
88%
Królowej Marysieńki 01Wilanów
88%
Stoicka 03Włochy
88%
Miklaszewskiego 03Ursynów
87%
Nowiny 01Białołęka
85%
Hassa 02Ursus
84%
Bronisława Czecha- Las 01Wesoła
84%
Solidna 02Wawer
83%

Rozkład punktacji

Percentyl według liczby udzielonych odpowiedzi

Procent ludzi z każdym wynikiem

Twoja historia wyników

Nie rozwiązałeś tego quizu